000 00367 a2200109 4500
001 ART_61376
005 20260410161823.0
008 260409a
245 1 0 _aLa exteriorización de bienes, los beneficios y el rol de las provincias
100 1 _aVega, Gerardo E.
773 0 _tDoctrina Penal Tributaria y Económica
_g- Nº 73 (sep. 2024)
_wREV4317
999 _c22559
_d22559